LEADER 05695nam 22009733u 450 001 9910457396703321 005 20210114093743.0 010 $a1-61705-024-5 035 $a(CKB)2550000000064224 035 $a(EBL)3007781 035 $a(SSID)ssj0000537457 035 $a(PQKBManifestationID)12205773 035 $a(PQKBTitleCode)TC0000537457 035 $a(PQKBWorkID)10553286 035 $a(PQKB)11311127 035 $a(MiAaPQ)EBC3007781 035 $a(EXLCZ)992550000000064224 100 $a20151005d2011|||| u|| | 101 0 $aeng 135 $aur|n|---||||| 181 $ctxt 182 $cc 183 $acr 200 10$aHead and Neck Pathology 210 $aNew York $cDemos Medical Publishing$d2011 215 $a1 online resource (207 pages) 225 0 $aDemos surgical pathology guides Head and neck pathology 300 $aDescription based upon print version of record. 311 $a1-933864-84-2 327 $a""Head and Neck Pathology""; ""Half Title Page""; ""Series Page""; ""Title Page""; ""Copyright""; ""Contents""; ""Series Foreword""; ""Preface""; ""Chapter 1: Oral Cavity/Nasopharynx""; ""NONNEOPLASTIC LESIONS""; ""Necrotizing Sialometaplasia""; ""Mucocele/Ranula/Mucus Retention Cyst""; ""Irritation Fibroma""; ""BENIGN NEOPLASMS""; ""Rhabdomyoma, Adult Type""; ""Granular Cell Tumor""; ""Nasopharyngeal Angiofibroma""; ""MALIGNANT NEOPLASMS""; ""Epithelial Precancerous Lesions""; ""Squamous Cell Carcinoma, Conventional Type""; ""Nasopharyngeal Carcinoma, Nonkeratinizing Undifferentiated Type"" 327 $a""Alveolar Soft Part Sarcoma""""Plasmablastic Lymphoma""; ""Kaposi Sarcoma""; ""Chapter 2: Nasal Cavity and Paranasal Sinuses""; ""NONNEOPLASTIC LESIONS""; ""Chronic Nonspecific Sinusitis""; ""Sinonasal Polyps""; ""Allergic Fungal Sinusitis (AFS)""; ""Fungal Sinusitis""; ""BENIGN NEOPLASMS""; ""Schneiderian Papilloma""; ""Lobular Capillary Hemangioma [Pyogenic Granuloma]""; ""Glomangiopericytoma""; ""Solitary Fibrous Tumor""; ""MALIGNANT NEOPLASMS""; ""Sinonasal Adenocarcinoma (SNA), Intestinal Type""; ""Olfactory Neuroblastoma (ONB)""; ""Sinonasal Undifferentiated Carcinoma [SNUC]"" 327 $a""Extranodal NK/T-cell Lymphoma, Nasal Type""""Mucosal Malignant Melanoma""; ""Rhabdomyosarcoma (RMS)""; ""Chapter 3: Oro/Hypopharynx/Larynx""; ""NONNEOPLASTIC LESIONS""; ""Contact Ulcer""; ""Vocal Cord Polyp/Nodules""; ""Laryngeal Cysts""; ""Hyperplastic Alterations of the Mucosa""; ""BENIGN NEOPLASMS""; ""Squamous Papilloma""; ""Inflammatory Myofibroblastic Tumor""; ""MALIGNANT NEOPLASMS""; ""Basaloid Squamous Cell Carcinoma""; ""Verrucous Carcinoma""; ""Spindle Cell Squamous Carcinoma (Lane Tumor)""; ""Papillary Squamous Cell Carcinoma""; ""Small Cell Neuroendocrine Carcinoma"" 327 $a""Moderately Differentiated Neuroendocrine Carcinoma""""Laryngeal Chondrosarcoma""; ""Chapter 4: Salivary Gland""; ""NONNEOPLASTIC LESIONS""; ""Sialolithiasis""; ""Chronic Fibrosing Sialadenitis (Kuttner Tumor)""; ""Lymphoepithelial Sialadenitis""; ""BENIGN NEOPLASMS""; ""Pleomorphic Adenoma""; ""Warthin Tumor""; ""Basal Cell Adenoma""; ""Oncocytoma""; ""Myoepithelioma""; ""MALIGNANT NEOPLASMS""; ""Mucoepidermoid Carcinoma""; ""Acinic Cell Adenocarcinoma (ACC)""; ""Adenoid Cystic Carcinoma (AdCC)""; ""Polymorphous Low-Grade Adenocarcinoma""; ""Epithelial-Myoepithelial Carcinoma"" 327 $a""Clear Cell Carcinoma, NOS""""Salivary Duct Carcinoma""; ""Carcinoma Ex Pleomorphic Adenoma""; ""Chapter 5: Gnathic Bones""; ""NONNEOPLASTIC LESIONS""; ""Fibrous Dysplasia, Craniofacial""; ""BENIGN NEOPLASMS""; ""Osteoma/Exostosis""; ""Ossifying Fibroma (Cemento-Ossifying Fibroma)""; ""Ameloblastoma""; ""Ameloblastic Fibroma""; ""Calcifying Epithelial Odontogenic (Pindborg) Tumor""; ""Keratocystic Odontogenic Tumor (Odontogenic Keratocyst)""; ""Odontogenic Myxoma""; ""Odontoma, Complex Type""; ""MALIGNANT NEOPLASMS""; ""Craniofacial Osteosarcoma, Conventional Type""; ""Chapter 6: Ear"" 327 $a""NONNEOPLASTIC LESIONS"" 606 $aHead -- Diseases -- Diagnosis 606 $aHead -- Pathophysiology 606 $aNeck -- Diseases -- Diagnosis 606 $aNeck -- Pathophysiology 606 $aHead$xPathophysiology 606 $aNeck$xPathophysiology 606 $aHead$xDiagnosis$xDiseases 606 $aNeck$xDiseases$xDiagnosis 606 $aMedicine 606 $aBody Regions 606 $aAnatomy 606 $aHealth Occupations 606 $aDisciplines and Occupations 606 $aPathology 606 $aHead 606 $aNeck 606 $aMedicine$2HILCC 606 $aHealth & Biological Sciences$2HILCC 606 $aDiseases by Body Region$2HILCC 608 $aElectronic books. 615 4$aHead -- Diseases -- Diagnosis. 615 4$aHead -- Pathophysiology. 615 4$aNeck -- Diseases -- Diagnosis. 615 4$aNeck -- Pathophysiology. 615 0$aHead$xPathophysiology 615 0$aNeck$xPathophysiology 615 0$aHead$xDiagnosis$xDiseases 615 0$aNeck$xDiseases$xDiagnosis 615 2$aMedicine 615 2$aBody Regions 615 2$aAnatomy 615 2$aHealth Occupations 615 2$aDisciplines and Occupations 615 2$aPathology 615 2$aHead 615 2$aNeck 615 7$aMedicine 615 7$aHealth & Biological Sciences 615 7$aDiseases by Body Region 676 $a617.5/1 700 $aWakely$b Paul$01040432 701 $aSuster$b Saul$0789153 801 0$bAU-PeEL 801 1$bAU-PeEL 801 2$bAU-PeEL 906 $aBOOK 912 $a9910457396703321 996 $aHead and Neck Pathology$92463242 997 $aUNINA LEADER 01444nam 2200445 450 001 9910823513003321 005 20200520144314.0 010 $a1-62036-019-5 035 $a(CKB)4330000000001930 035 $a(MiAaPQ)EBC4438588 035 $a(Au-PeEL)EBL4438588 035 $a(CaPaEBR)ebr11170630 035 $a(OCoLC)945135935 035 $a(EXLCZ)994330000000001930 100 $a20160413h20052005 uy 0 101 0 $aeng 135 $aurcnu|||||||| 181 $2rdacontent 182 $2rdamedia 183 $2rdacarrier 200 00$aConnecting past and present $econcepts and models for service-learning in history /$fIra Harkavy and Bill M. Donovan, volume editors 210 1$aSterling, Virginia :$cStylus,$d2005. 210 4$d2005 215 $a1 online resource (222 pages) 225 1 $aAAHE's Series on Service-Learning in the Disciplines 320 $aIncludes bibliographical references. 410 0$aAAHE's series on service-learning in the disciplines. 606 $aHistory$xStudy and teaching (Higher) 615 0$aHistory$xStudy and teaching (Higher) 676 $a907/.1/1 702 $aHarkavy$b Ira Richard 702 $aDonovan$b Bill M.$f1951- 712 02$aAmerican Association for Higher Education. 801 0$bMiAaPQ 801 1$bMiAaPQ 801 2$bMiAaPQ 906 $aBOOK 912 $a9910823513003321 996 $aConnecting past and present$93986252 997 $aUNINA